The role of Islam in the twenty-first century : (Record no. 233186)

000 -LEADER
fixed length control field nam a22 7a 4500
003 - CONTROL NUMBER IDENTIFIER
control field Nust
005 - DATE AND TIME OF LATEST TRANSACTION
control field 20170304153930.0
008 - FIXED-LENGTH DATA ELEMENTS--GENERAL INFORMATION
fixed length control field 170304b xxu||||| |||| 00| 0 eng d
020 ## - INTERNATIONAL STANDARD BOOK NUMBER
International Standard Book Number 969-00-1377-7
040 ## - CATALOGING SOURCE
Transcribing agency DLC
082 ## - DEWEY DECIMAL CLASSIFICATION NUMBER
Classification number 297 SID
245 ## - TITLE STATEMENT
Title The role of Islam in the twenty-first century :
Statement of responsibility, etc. Siddiqi, Safdar Hasan.
260 ## - PUBLICATION, DISTRIBUTION, ETC.
Place of publication, distribution, etc. Lahore :
Name of publisher, distributor, etc. Ferozsons,
300 ## - PHYSICAL DESCRIPTION
Extent 130 p. ;
Dimensions 22 cm.
942 ## - ADDED ENTRY ELEMENTS (KOHA)
Source of classification or shelving scheme
Koha item type Book
Holdings
Withdrawn status Lost status Source of classification or shelving scheme Damaged status Not for loan Permanent Location Current Location Date acquired Total Checkouts Full call number Barcode Date last seen Price effective from Koha item type
          School of Civil and Environmental Engineering (SCEE) School of Civil and Environmental Engineering (SCEE) 03/04/2017   297 SID NIT-7313 03/04/2017 03/04/2017 Book
© 2023 Central Library, National University of Sciences and Technology. All Rights Reserved.